Inadequate local leak rate testing.

Bibliographic Details
Format: Government Document eBook
Language:English
Published: Washington, D.C. : United States Nuclear Regulatory Commission, Office of Nuclear Reactor Regulation, [1992]
Series:NRC information notice ; 92-20.
Subjects:
Online Access:https://purl.fdlp.gov/GPO/gpo66506

MARC

Tag First Indicator Second Indicator Subfields
LEADER 00000cam a2200000 i 4500
001 in00003719084
005 20211120174639.0
006 m o d f
007 cr bn|||||||||
008 160701s1992 dcu o f000 0 eng c
035 |a (OCoLC)ocn952720286 
040 |a GPO  |b eng  |e rda  |e pn  |c GPO  |d MvI 
042 |a pcc 
043 |a n-us--- 
049 |a WWW 
074 |a 1051-H-08 (online) 
086 0 |a Y 3.N 88:56-2/92-20 
245 0 0 |a Inadequate local leak rate testing. 
264 1 |a Washington, D.C. :  |b United States Nuclear Regulatory Commission, Office of Nuclear Reactor Regulation,  |c [1992] 
300 |a 1 online resource. 
336 |a text  |b txt  |2 rdacontent 
337 |a computer  |b c  |2 rdamedia 
338 |a online resource  |b cr  |2 rdacarrier 
490 1 |a NRC information notice ;  |v 92-20 
500 |a Title from title screen (viewed on July 1, 2016). 
500 |a "March 3, 1992." 
650 0 |a Nuclear power plants  |x Piping  |x Valves  |z United States  |x Testing. 
710 2 |a U.S. Nuclear Regulatory Commission.  |b Office of Nuclear Reactor Regulation,  |e issuing body. 
830 0 |a NRC information notice ;  |v 92-20. 
856 4 0 |u https://purl.fdlp.gov/GPO/gpo66506  |t 0 
999 f f |s c57ac52e-1180-3ea7-a4c0-a5e6e022ae56  |i af0deb98-716f-3617-a137-4b364c833008  |t 0 
952 f f |a Texas A&M University  |b College Station  |c Electronic Resources  |d Available Online  |t 0  |e Y 3.N 88:56-2/92-20  |h Superintendent of Documents classification 
998 f f |a Y 3.N 88:56-2/92-20  |t 0  |l Available Online